=LDR 00000nam 2200000 4500 =001 INLIS000000000044656 =005 20131008110413 =008 ***********************************Ind** =035 ##$$0010-101300000002578 =041 ##$$a Ind =082 ##$$a R.351.102 6 =090 ##$$a R.351.102 6 , Him h =100 ##$$a DM, Sukarno =245 ##$$a Himpunan peraturan kepegawaian negara republik Indonesia semester pertama tahun 2000 , Sukarno Dm =260 ##$$a 2000 $b Jakarta =300 ##$$a 717 hal. , 21 cm =850 ##$$a NBPNMAT